Os sindicatos no Brasil e o modelo de democracia ampliada

Detalles Bibliográficos
Autor principal: Prata Mendes, Felipe
Formato: eBook
Lenguaje:portugués
Publicado: San Pablo: LTR, 2018
Materias:
Acceso en línea:Acceso restringido

MARC

LEADER 00000nam a22000007a 4500
005 20190711021835.0
007 cr|||| ||||
008 190711s2018 br |||||s|||| 00||0 por d
020 |a 978-85-361-9782-1 
035 |a 23873 
040 |a vLex 
090 |c 9016  |d 9016 
100 1 |a Prata Mendes, Felipe 
245 1 2 |a Os sindicatos no Brasil e o modelo de democracia ampliada  |h [Recurso electrn̤ico] /  |c Felipe Prata Mendes 
256 |a Servicio en ln̕ea 
260 |a San Pablo:  |b LTR,  |c 2018 
300 |a 1 recurso electrn̤ico 
506 1 |a Disponible solo en los productos indicados  |d vLex Global  |d vLex Global (Academic Edition, excluding Law Schools)  |d vLex Global (U.S. Academic Edition, Law Schools)  |d vLex Global (U.S. Academic Edition, excluding Law Schools)  |d vLex Global (Academic Edition, Law Schools) 
650 0 4 |a Derecho Laboral y Seguridad Social  |z Brasil 
740 0 |a vLex Libros (Servicio en ln̕ea) 
856 4 0 |u http://vlex.com/source/sindicatos-brasil-modelo-democracia-ampliada-23873  |z Acceso restringido 
942 |c BOOK 
999 0 |a Labor law and social security